| 000 | 00648nam a2200265Ia 4500 | ||
|---|---|---|---|
| 005 | 20250425162036.0 | ||
| 008 | 250425s9999 xx 000 0 und d | ||
| 020 | _a9684510128 | ||
| 041 | _aspa | ||
| 082 | _a530 | ||
| 100 | _aSEGEL, L.A. | ||
| 245 | 0 | _aTEORIA Y PROBLEMAS DE FUNDAMENTOS DE FISICA II | |
| 250 | _a1A ED. | ||
| 260 | _aMEXICO | ||
| 260 |
_aMéxico _bMCGRAW- HILL _c1984 |
||
| 300 | _a319 | ||
| 650 | _aCAMPOS MAGNETICOS | ||
| 650 | _aELECTROSTATICA | ||
| 650 | _aFISICA | ||
| 650 | _aRELATIVIDAD (FISICA) | ||
| 700 | _aRODRIGUEZ L., LOMBARDO | ||
| 700 | _aZALAMEA G., EDUARDO | ||
| 942 | _c01 | ||
| 010 | _a42135 | ||
| 999 |
_c221192 _d221192 |
||